[Event "TORO 2016"]
[Site "Gatineau"]
[Date "2016.06.05"]
[Round "4"]
[White "Durette, Francis"]
[Black "Mahdjoubi, Abdelaziz"]
[Result "1-0"]
[BlackElo "1918"]
[EventDate "2016.06.05"]
[WhiteElo "1968"]

1.e4 e5 2.Nf3 Nc6 3.d4 exd4 4.Nxd4 Qf6 5.Be3 Bc5 6.c3 Nge7 7.Bc4 Ne5 8.Bb3
Qg6 9.O-O d5 10.f3 dxe4 11.Nd2 exf3 12.N2xf3 Ng4 13.Nh4 Nxe3 14.Nxg6 Nxd1
15.Nxh8 Ne3 16.Rxf7 N3f5 17.Kh1 Nxd4 18.cxd4 Bxd4 19.Rf4 Bxb2 20.Rd1 Bf5
21.Rf2 Bf6 22.Nf7 a5 23.a4 Kf8 24.Rd8+ Rxd8 25.Nxd8 b6 26.Ne6+ Bxe6 27.Bxe6
Ng6 28.Bf5 Ke7 29.Bxg6 hxg6 30.Rd2 c6 31.Kg1 b5 32.axb5 cxb5 33.Rd5 a4
34.Rxb5 a3 35.Ra5 Bb2 36.Kf2 Kd7 37.Ke2 Kc6 38.Kd3 Kb6 39.Ra8 Kc5 40.Kc2 Kd4
41.Kb1 Kd3 42.Ka2 Kc4 43.Ra4+ Kd5 44.Rg4 Ke5 45.Rxg6 Kf5 46.Rc6 Kg4 47.Rc5
Kh4 48.Rf5 Kg4 49.Rf3 Kh4 50.Rg3 Kh5 51.h3 Kh4 52.Rg4+ Kh5 53.g3 Kh6 54.h4
Kh5 55.Rg5+ Kh6 56.g4 Kh7 57.h5 Kh8 58.Rg6 Kg8 59.Rc6 Kf7 60.g5 Ke7 61.Rc8
Kf7 62.Kb3 Ke7 63.h6 gxh6 64.gxh6 Kf7 65.h7 1-0

[Event "TORO 2016"]
[Site "Gatineau"]
[Date "2016.06.05"]
[Round "4"]
[White "Devine, Norman"]
[Black "Villeneuve, Robert"]
[Result "1-0"]
[BlackElo "2005"]
[EventDate "2016.06.05"]
[WhiteElo "1959"]

1.d4 d5 2.Bf4 Nf6 3.e3 c5 4.c3 Qb6 5.Qb3 Nc6 6.Nf3 Bf5 7.dxc5 Qxb3 8.axb3 Nd7
9.b4 e5 10.Bg3 f6 11.Nbd2 Be7 12.Nh4 Be6 13.Nhf3 O-O 14.Bb5 Rfc8 15.O-O a6
16.Bxc6 Rxc6 17.Ra3 Rac8 18.Nb3 R6c7 19.h3 Nb8 20.Na5 Nd7 21.Nd2 Kf7 22.f4
Ke8 23.fxe5 fxe5 24.Nf3 Bf6 25.Bh4 Ke7 26.Bxf6+ gxf6 27.Nh4 Nb8 28.Nf5+ Bxf5
29.Rxf5 Ke6 30.Rf2 Rd8 31.Ra1 Rg7 32.Raf1 Rf8 33.Rd1 Rd7 34.Rfd2 Rfd8 35.Kf2
f5 36.c4 d4 37.exd4 exd4 38.b5 Rc8 39.Nb3 Ke5 40.Re2+ Kf6 41.Nxd4 Rxc5 42.Re8
Rxc4 43.Rxb8 Rcxd4 44.Rxd4 Rxd4 45.Rxb7 Rd2+ 46.Kf3 Rxb2 47.bxa6 Ra2 48.Rxh7
Ra3+ 49.Kf4 Ra4+ 50.Ke3 Kg6 51.Ra7 Ra2 52.Ra8 Ra4 53.a7 Kg7 54.Kf3 Kh7 55.h4
Kg7 56.h5 Kh7 57.h6 f4 58.Kg4 1-0

[Event "TORO 2016"]
[Site "Gatineau"]
[Date "2016.06.05"]
[Round "5"]
[White "Sambuev, Bator"]
[Black "Yao, Sammy"]
[Result "1-0"]
[BlackElo "2310"]
[EventDate "2016.06.05"]
[SourceDate "2016.06.05"]
[WhiteElo "2645"]

1.Nf3 Nf6 2.c4 g6 3.Nc3 Bg7 4.e4 d6 5.d4 O-O 6.Be2 e5 7.O-O Nc6 8.d5 Ne7
9.Ne1 Nd7 10.Be3 f5 11.f3 f4 12.Bf2 g5 13.Rc1 Ng6 14.c5 dxc5 15.b4 c4 16.Bxc4
Kh8 17.Nd3 Nf6 18.Nc5 g4 19.Ne6 Bxe6 20.dxe6 gxf3 21.Qxf3 c6 22.Rfd1 Qe8
23.b5 Ne7 24.bxc6 bxc6 25.Rb1 Qg6 26.Rb7 Rae8 27.Bc5 Nfg8 28.Rdd7 Bf6 29.Rxa7
Qg5 30.a4 Nh6 31.h3 Rg8 32.a5 Rg7 33.Bf1 Ng6 34.Rxg7 Bxg7 35.a6 Nh4 36.Qf2
Bf6 37.Rb7 Qg8 38.a7 Bg5 39.Bd6 1-0

[Event "TORO 2016"]
[Site "Gatineau"]
[Date "2016.06.05"]
[Round "5"]
[White "Leger, Manon"]
[Black "Gordon, David"]
[Result "0-1"]
[BlackElo "2310"]
[EventDate "2016.??.??"]
[WhiteElo "2035"]

1.e4 c5 2.Nf3 Nc6 3.d4 cxd4 4.Nxd4 e5 5.Nb3 Bb4+ 6.Bd2 Bxd2+ 7.Qxd2 Nf6 8.Nc3
O-O 9.O-O-O a6 10.f3 b5 11.g4 Rb8 12.h4 Ne8 13.Nd5 a5 14.g5 d6 15.Ne3 a4
16.Na1 Be6 17.Kb1 b4 18.Nf5 Bxf5 19.exf5 Nd4 20.Qd3 Nc7 21.f4 Nd5 22.fxe5
dxe5 23.Qe4 Qd6 24.Bc4 Nc3+ 25.bxc3 bxc3+ 0-1

[Event "TORO 2016"]
[Site "Gatineau"]
[Date "2016.06.05"]
[Round "5"]
[White "Dunne, Francesco"]
[Black "Sadeghi, Saeid"]
[Result "1-0"]
[BlackElo "2169"]
[EventDate "2016.??.??"]
[SourceDate "2016.06.05"]
[WhiteElo "2197"]

1.e4 c5 2.Nf3 e6 3.d3 Nc6 4.g3 g6 5.Bg2 Bg7 6.O-O Nge7 7.c3 e5 8.Be3 d6 9.d4
b6 10.a4 O-O 11.d5 Nb8 12.Nfd2 f5 13.f4 Nd7 14.Na3 Bb7 15.Bh3 exf4 16.Bxf4
Ne5 17.Nac4 Ba6 18.Qe2 Kh8 19.Rfe1 Qc7 20.exf5 Nxf5 21.Qe4 Nxc4 22.Nxc4 Bxc4
23.Qxc4 Rae8 24.Re6 Be5 25.Re1 Ng7 26.Bxe5 dxe5 27.d6 Qf7 28.Rf1 Nf5 29.Rxe8
Qxe8 30.Qd5 Qf7 31.Qxe5+ Qg7 32.Qxg7+ Kxg7 33.Bxf5 gxf5 34.d7 Rd8 35.Rd1 Kf6
36.Kf2 Ke6 37.Ke3 Rxd7 38.Rxd7 Kxd7 39.Kf4 Ke6 40.Kg5 Kd5 41.Kxf5 Kc4 42.g4
Kb3 43.h4 Kxb2 44.g5 Kxc3 45.h5 Kb2 46.g6 hxg6+ 47.hxg6 c4 48.g7 c3 49.g8=Q
c2 50.Qg2 Kb1 51.Qe4 Kb2 52.Qb4+ Ka2 53.Qc3 Kb1 54.Qb3+ Kc1 55.Ke4 Kd2
56.Qe3+ Kd1 57.Qd3+ Kc1 58.Ke3 Kb2 59.Qd2 Kb1 60.Qb4+ 1-0

[Event "TORO 2016"]
[Site "Gatineau"]
[Date "2016.06.05"]
[Round "5"]
[White "Dusan, Simic"]
[Black "Durette, Francis"]
[Result "1-0"]
[BlackElo "1968"]
[EventDate "2016.??.??"]
[SourceDate "2016.06.05"]
[WhiteElo "2165"]

1.c4 Nf6 2.Nc3 g6 3.d4 Bg7 4.Nf3 O-O 5.g3 d6 6.Bg2 Nbd7 7.O-O e5 8.d5 a5 9.e4
Nb6 10.Qe2 Nh5 11.Be3 Bd7 12.Rac1 Na4 13.Nb5 Bxb5 14.cxb5 Nb6 15.Rc2 Qd7
16.Rfc1 Rac8 17.Ng5 Qe7 18.Bh3 Nd7 19.Rxc7 Rxc7 20.Rxc7 Nhf6 21.Qc4 h6 22.Ne6
fxe6 23.dxe6 d5 24.exd5 Qd6 25.exd7 Kh7 26.Be6 b6 27.Rc6 Qe7 28.d6 1-0

[Event "TORO 2016"]
[Site "Gatineau"]
[Date "2016.06.05"]
[Round "5"]
[White "Demchenko, Svitlana"]
[Black "Kuryliw, Ray"]
[Result "1/2-1/2"]
[BlackElo "1987"]
[EventDate "2016.??.??"]
[SourceDate "2016.06.05"]
[WhiteElo "2063"]

1.e4 Nc6 2.Nf3 e5 3.Bc4 Be7 4.c3 d6 5.Bb3 Nf6 6.d3 O-O 7.h3 Bd7 8.O-O Na5
9.Bc2 c5 10.Nbd2 Nc6 11.Re1 b5 12.Nf1 h6 13.Ng3 Qc7 14.Be3 Rfe8 15.Nd2 Bf8
16.f4 a5 17.Rf1 Kh7 18.f5 Ne7 19.Nh5 Neg8 20.Nxf6+ Nxf6 21.g4 Ng8 22.f6 Nxf6
23.g5 hxg5 24.Bxg5 Be7 25.Bxf6 Bxf6 26.Qh5+ Kg8 27.Rxf6 gxf6 28.Qh6 Re6
29.Bb3 c4 30.Kh2 f5 31.Rg1+ Rg6 32.Rxg6+ fxg6 33.Qxg6+ Kf8 34.Qf6+ Kg8
35.dxc4 a4 36.Qg6+ Kf8 37.Qf6+ Kg8 1/2-1/2

[Event "TORO 2016"]
[Site "Gatineau"]
[Date "2016.06.05"]
[Round "5"]
[White "Desjardins, Michel"]
[Black "Palsson, Halldor"]
[Result "0-1"]
[BlackElo "2055"]
[EventDate "2016.06.05"]
[WhiteElo "1959"]

1.e4 e6 2.d4 d5 3.e5 c5 4.c3 Nc6 5.Nf3 Bd7 6.a3 f6 7.Bd3 Qc7 8.O-O O-O-O
9.Re1 h6 10.b3 f5 11.h4 Be8 12.Be3 Bh5 13.Nbd2 Be7 14.Qc2 g5 15.hxg5 hxg5
16.Bxg5 Rf8 17.dxc5 Bxc5 18.b4 Qh7 19.Kf1 Bb6 20.a4 Bxf3 21.Nxf3 Qh1+ 22.Ke2
Qxg2 23.Rf1 Rh3 24.Ng1 Rxd3 25.Qxd3 Qxg5 26.Nf3 Qf4 0-1

[Event "TORO 2016"]
[Site "Gatineau"]
[Date "2016.06.05"]
[Round "5"]
[White "Bleau, John"]
[Black "Lemieux, Serge"]
[Result "1/2-1/2"]
[BlackElo "1706"]
[EventDate "2016.06.05"]
[WhiteElo "1955"]

1.d4 e6 2.c4 c6 3.Nc3 d5 4.cxd5 cxd5 5.Nf3 Nc6 6.e3 a6 7.a3 Nf6 8.Bd3 Bd6
9.O-O Bd7 10.Bd2 Rc8 11.b4 b5 12.Rc1 O-O 13.Qb3 Ne7 14.Ne2 Ng6 15.Rxc8 Qxc8
16.Rc1 Qb8 17.h3 Ne4 18.Bxe4 dxe4 19.Ng5 Qb7 20.Nc3 Bc6 21.Qb1 f5 22.Nxe6 Re8
23.Nc5 Bxc5 24.Qb3+ Kf8 25.bxc5 Ne7 26.g3 Nd5 27.Nxd5 Bxd5 28.Qb4 Qc6 29.Qb2
g5 30.Qc2 Re7 31.Qd1 h6 32.Qe2 Rb7 33.Bb4 Kg7 34.Qd2 Rb8 1/2-1/2

[Event "TORO 2016"]
[Site "Gatineau"]
[Date "2016.06.05"]
[Round "5"]
[White "Villeneuve, Robert"]
[Black "Sivapathasundaram, Manojh"]
[Result "1-0"]
[BlackElo "1846"]
[EventDate "2016.06.05"]
[WhiteElo "2005"]

1.e4 c5 2.Nf3 d6 3.d4 cxd4 4.Nxd4 Nf6 5.Nc3 g6 6.Be3 Bg7 7.f3 O-O 8.Qd2 Nc6
9.O-O-O d5 10.exd5 Nxd5 11.Nxc6 bxc6 12.Bd4 Be6 13.Bxg7 Kxg7 14.Bc4 Qb6
15.Bxd5 cxd5 16.Nxd5 Qb7 17.Qa5 Rab8 18.b3 Rfc8 19.Ne3 Kg8 20.Rd2 h6 21.Rhd1
Kh7 22.Rd8 Bxb3 23.Rxc8 Rxc8 24.axb3 Qxb3 25.Qe5 Rc3 26.Rd3 Rxc2+ 27.Nxc2
Qxd3 28.Qxe7 Qf1+ 29.Kb2 Qb5+ 30.Kc3 Qa5+ 31.Kd3 Qf5+ 32.Kd2 Qd5+ 33.Ke1 Qa5+
34.Kf2 Qb6+ 35.Qe3 Qb2 36.Qe2 Qb6+ 37.Ne3 a5 38.g3 a4 39.Kg2 a3 40.Nd5 Qb3
41.Qe5 Qb2+ 42.Qxb2 axb2 43.Nc3 g5 44.Kf2 Kg6 45.Ke3 f5 46.Nb1 h5 47.Kd4 g4
48.f4 h4 49.Ke5 1-0